Piłkarze Liverpoolu w Erze Kloppa - Statystyki

Ogólne statystyki
  • Ten quiz został rozwiązany 152 razy
  • Średni wynik to 29 z 104
Statystyki odpowiedzi
Piłkarze % Poprawnych
Salah Mohamed
98%
Alisson
91%
Mané Sadio
89%
Frimino Roberto
87%
van Dijk Virgil
87%
Robertson Andrew
86%
Alexander-Arnold Trent
79%
Konate Ibrahima
68%
Henderson Jordan
67%
Núñez Darwin
67%
Matip Joel
65%
Diaz Luiz
62%
Fabinho
62%
Karius Loris
62%
Origi Divock
58%
Gomez Joe
57%
Kelleher Caoimhín
56%
Jota Diogo
54%
Mac Allister Alexis
54%
Milner James
54%
Gakpo Cody
53%
Szoboszlai Dominik
53%
Tsimikas Konstantinos
51%
Wijnaldum Georginio
51%
Coutinho Philippe
50%
Adrian
49%
Jones Curtis
49%
Keïta Naby
49%
Endo Wataru
48%
Thiago
45%
Lovren Dejan
44%
Mignolet Simon
43%
Bradley Conor
42%
Clyne Nathaniel
35%
Quansah Jarell
35%
Lallana Adam
34%
Elliott Harvey
33%
Gravenberch Ryan
33%
Can Emre
32%
Musiałowski Mateusz
32%
Minamino Takumi
31%
Sturridge Daniel
31%
Sakho Mamadou
29%
Shaqiri Xherdan
26%
Skrtel Martin
26%
Bajcetic Stefan
25%
Moreno Alberto
25%
Oxlade-Chamberlain Alex
23%
Phillips Nathaniel
22%
Leiva Lucas
21%
Doak Ben
20%
Klavan Ragnar
20%
Solanke Dominic
19%
Bogdán Ádám
17%
Clark Bobby
17%
Kabak Ozan
17%
Benteke Cristian
16%
Danns Jayden
16%
Carvalho Fábio
14%
Grujic Marko
14%
Brewster Rhian
13%
Ings Danny
13%
Melo Arthur
13%
Ojo Sheyi
13%
Wilson Harry
13%
Woodburn Ben
13%
Allen Joe
12%
Touré Kolo
12%
Flanagan Jon
9%
Ibe Jordon
9%
Ward Danny
8%
Gordon Kaide
7%
McConnell James
7%
Morton Tayler
7%
Beck Owen
6%
Kent Ryan
6%
Nyoni Trey
6%
Ramsay Calvin
6%
van den Berg Sepp
6%
Hoever Ki-Jana
4%
Smith Brad
4%
Koumetio Billy
3%
Caulker Steven
2%
Chambers Luke
2%
Chirivella Pedro
2%
Clarkson Leighton
2%
Dixon-Bonner Elijah
2%
Randall Connor
2%
Scanlon Calum
2%
Williams Neco
2%
Williams Rhys
2%
Blair Harvey
1%
Brannagan Cameron
1%
Camacho Rafael
1%
Ejaria Ovie
1%
Frauendorf Melkamu
1%
Maguire Joe
1%
Enrique José
0%
Ilori Tiago
0%
Larouci Yasser
0%
Sinclar Jerome
0%
Stewart Kevin
0%
Stewart Layton
0%
Teixeira João Carlos
0%
Nie znaleziono quizów pasujących do podanych kryteriów
Rozkład punktacji
Procent ludzi z każdym wynikiem
Percentyl według liczby udzielonych odpowiedzi
Twoja historia wyników
Nie rozwiązałeś tego quizu